| 000 | 00617nam a2200229 a 4500 | ||
|---|---|---|---|
| 001 | 41794 | ||
| 003 | (BD-rjul) | ||
| 005 | 20211209053442.0 | ||
| 008 | 880808s1945 enk 000 0 eng | ||
| 035 | _a45-08564 | ||
| 035 | _a(OCoLC)1211276 | ||
| 040 |
_aDLC _cZPM _dOCL _beng |
||
| 041 | _aeng | ||
| 082 |
_223 _a338.91 _bWOF 1947 |
||
| 100 | 1 |
_aWootton, Barbara, _d1897-1988 _9128394 |
|
| 245 | 1 | 0 |
_aFreedom under planning / _cby Barbara Wootton |
| 260 |
_aLondon : _bGeorge Allen & Unwin, _c1945 |
||
| 300 |
_a163 p. ; _c19 cm |
||
| 650 | 0 |
_aEconomic policy _9116878 |
|
| 942 |
_2ddc _cBK |
||
| 999 |
_c41794 _d41794 |
||